Dumb Video Game Quotes - Statistics

General Stats
  • This quiz has been taken 20 times
  • The average score is 4 of 15
Answer Stats
Hint Answer % Correct
“I used to be an adventurer like you, then I took an arrow in the knee.” Skyrim
93%
“Jill, here’s a lockpick. It might come in handy if you, the master of unlocking, take it with you.” Resident Evil
80%
“Do a barrel roll!” Star Fox
60%
“I hope she brought lotsa spaghetti!” Hotel Mario
33%
“I am error.” Zelda II
33%
“All your base are belong to us.“ Zero Wing
27%
“Aw yeah, this is happening!” Sonic Adventure
20%
“Hey, this wall tastes like dirt!” Sonic Boom
20%
“If he shoots you, it’s gonna hurt!” Donkey Kong 64
13%
“You spoony bard!” Final Fantasy IV
13%
“Come back when you’re a little, mmmmmm, richer!” Link The Faces of Evil
13%
“It was my destiny to be here; in the box.” Metal Gear Solid 3
7%
“Today, we’re dancing for no reason. Someday, we’ll disappear for no reason.” Pokemon Black
7%
“The air is tasty here!” Pokemon Ruby
7%
“Your winner” Big Rigs
0%
No matching quizzes found
Score Distribution
Percent of People with Each Score
Percentile by Number Answered
Your Score History
You have not taken this quiz